000 00941nam0a22002771 4500
001 rc\3623033
005 20250610083604.0
021 _aRU
_b[69-32346]
035 _a(NLR Aleph) 007821610
090 _a7745593
_c7745593
100 _a20130115d1969 |||y0rusy50 ca
101 0 _arus
102 _aRU
105 _ay z |||||
200 1 _aУлучшение состава и свойств молока
210 _aМосква
_cРоссельхозиздат
_d1969
215 _a128 с.
_cграф.
_d21
300 _aПеред загл. авт.: К.В. Маркова, д-р с.-х. наук
606 _aМолоко
_xКачество
_2psbo
606 _aКрупный рогатый скот
_xПродуктивность
_2psbo
700 1 _aМаркова
_bК.В.
_gКсения Владимировна
801 0 _aRU
_bNLR
_gpsbo
801 1 _aRU
_bELAR
_2rusmarc
852 _aNLR
_j69-5/2348
942 _cBOOK
980 _aNB